Computing for business success. (Record no. 2799)

000 -LEADER
fixed length control field 01806cas a2200505 a 4500
001 - CONTROL NUMBER
control field 11334671
003 - CONTROL NUMBER IDENTIFIER
control field OSt
005 - DATE AND TIME OF LATEST TRANSACTION
control field 20160818093443.0
007 - PHYSICAL DESCRIPTION FIXED FIELD--GENERAL INFORMATION
fixed length control field t|
008 - FIXED-LENGTH DATA ELEMENTS--GENERAL INFORMATION
fixed length control field 850606d19851985caumr p 0 a0eng c
010 ## - LIBRARY OF CONGRESS CONTROL NUMBER
LC control number 87658568
Canceled/invalid LC control number sn 85009859
016 7# - NATIONAL BIBLIOGRAPHIC AGENCY CONTROL NUMBER
Record control number 9882505
Source DNLM
016 7# - NATIONAL BIBLIOGRAPHIC AGENCY CONTROL NUMBER
Record control number SR0058805
Source DNLM
022 ## - INTERNATIONAL STANDARD SERIAL NUMBER
International Standard Serial Number 9780733972676
Incorrect ISSN 0147-2992
Source 1
030 ## - CODEN DESIGNATION
CODEN CBUSEJ
032 ## - POSTAL REGISTRATION NUMBER
Postal registration number 580310
Source (agency assigning number) USPS
035 ## - SYSTEM CONTROL NUMBER
System control number (OCoLC)ocm12126219
037 ## - SOURCE OF ACQUISITION
Source of stock number/acquisition Computing for Business, Circulation Customer Service, P.O. Box 3730, Escondido, CA 92025
040 ## - CATALOGING SOURCE
Original cataloging agency NSDP
Transcribing agency NSDP
Modifying agency AIP
-- OCoLC
-- NST
-- N
-- NST
-- NSDP
-- DLC
-- NST
-- DLC
-- NST
-- DNLM
-- OCoLC
042 ## - AUTHENTICATION CODE
Authentication code nsdp
-- pcc
050 00 - LIBRARY OF CONGRESS CALL NUMBER
Classification number QA75.5.R53 2005
082 00 - DEWEY DECIMAL CLASSIFICATION NUMBER
Classification number 004/.05
Edition number 19
100 ## - MAIN ENTRY--PERSONAL NAME
Relator code Richardson
210 0# - ABBREVIATED TITLE
Abbreviated title Comput. bus.
222 #0 - KEY TITLE
Key title Computing for business
245 00 - TITLE STATEMENT
Title Computing for business success.
Statement of responsibility, etc Richardson
260 ## - PUBLICATION, DISTRIBUTION, ETC. (IMPRINT)
Place of publication, distribution, etc Australia,
Name of publisher, distributor, etc Pearson Education Limited
Date of publication, distribution, etc c2005
300 ## - PHYSICAL DESCRIPTION
Extent xxv 325p. :
Other physical details ill. ;
Dimensions 25 cm.
310 ## - CURRENT PUBLICATION FREQUENCY
Current publication frequency Monthly
362 0# - DATES OF PUBLICATION AND/OR SEQUENTIAL DESIGNATION
Dates of publication and/or sequential designation Vol. 10, issue 3 ([Mar. 1985])-v. 10, issue 6 ([May/June 1985]).
500 ## - GENERAL NOTE
General note Title from cover.
504 ## - BIBLIOGRAPHY, ETC. NOTE
Bibliography, etc include indexes
530 ## - ADDITIONAL PHYSICAL FORM AVAILABLE NOTE
Additional physical form available note Also issued online.
590 ## - LOCAL NOTE (RLIN)
Local note SERBIB/SERLOC merged record
650 #0 - SUBJECT ADDED ENTRY--TOPICAL TERM
Topical term or geographic name as entry element Electronic data processing
Form subdivision Periodicals.
650 #0 - SUBJECT ADDED ENTRY--TOPICAL TERM
Topical term or geographic name as entry element Computers
Form subdivision Periodicals.
700 ## - ADDED ENTRY--PERSONAL NAME
Personal name Beieres
700 ## - ADDED ENTRY--PERSONAL NAME
Relator code Bruno
700 ## - ADDED ENTRY--PERSONAL NAME
Relator code Deng
700 ## - ADDED ENTRY--PERSONAL NAME
Personal name Henchke
780 00 - PRECEDING ENTRY
Title Interface age, computing for business
International Standard Serial Number 8756-2472
Record control number (DLC) 87658567
-- (OCoLC)11492429
906 ## - LOCAL DATA ELEMENT F, LDF (RLIN)
a 7
b cbc
c serials
d 3
e ncip
f 19
g n-oclcserc
942 ## - ADDED ENTRY ELEMENTS (KOHA)
Source of classification or shelving scheme
Koha item type Book
Holdings
Withdrawn status Lost status Source of classification or shelving scheme Damaged status Not for loan Home library Current library Shelving location Date acquired Total Checkouts Full call number Barcode Date last seen Copy number Price effective from Koha item type
          Riara University Library Riara University Library General stack 18/08/2016   QA75.5.R53 2005 7250/16 18/08/2016 C.1 18/08/2016 Book

Riara University Library,
P.O. Box 49940-00100,
Nairobi, Kenya.